000
00309nam a2200121Ia 4500
008
190216s9999||||xx |||||||||||||| ||und||
100
_a
Stern F
245
4
_a
The Varieties Of History From Voltaine To The Present
260
_b
Vintage Books
_c
1975
300
_a
527p
650
_a
Indian History
942
_c
BK
999
_c
19989
_d
19989